| 000 | 00384nam a22001337a 4500 | ||
|---|---|---|---|
| 020 | _a0-13-295527-X | ||
| 082 | _a621.3815 HIG'E | ||
| 100 |
_aHIGGINS, RICHARD J _965708 |
||
| 245 | _aEXPERIMENTS WITH INTEGRATED CIRCUITS, THE IC ELECTRONICS TOOLBOX | ||
| 260 |
_aNEWJERSCY _bPRENTICE HALL _c1983 |
||
| 300 | _a27-7P | ||
| 650 |
_aINTEGRATED CIRCUITS-EXPERIMENTS _965709 |
||
| 942 | _cBK | ||
| 999 |
_c573843 _d573843 |
||